[Event "15PCR_PF3"]
[Site "?"]
[Date "2004.??.??"]
[Round "?"]
[White "Hruby, Jaromil"]
[Black "Juhasz, Jozef"]
[Result "0-1"]
[WhiteElo "1800"]
[BlackElo "2188"]
[PlyCount "64"]
[EventDate "2004.??.??"]
[SourceDate "2005.03.08"]

1. e4 e5 2. Nf3 Nc6 3. Bb5 a6 4. Ba4 Nf6 5. O-O Nxe4 6. d4 b5 7. Bb3 d5 8. dxe5
Be6 9. c3 Bc5 10. Nbd2 O-O 11. Bc2 Bf5 12. Nb3 Bb6 13. Nfd4 Bd7 14. Nxc6 Bxc6
15. Nd4 Bd7 16. Qe2 c5 17. Nb3 f5 18. Rd1 Bc6 19. f4 Qe7 20. Be3 Rac8 21. Nd2
Kh8 22. Nf3 a5 23. a4 b4 24. cxb4 axb4 25. a5 Ba7 26. Kh1 d4 27. Bg1 Bd5 28.
Qe1 Rc6 29. Bd3 g5 30. fxg5 Nxg5 31. Be2 Rg8 32. Rac1 Rh6 0-1

[Event "15PCR_PF3"]
[Site "?"]
[Date "2004.??.??"]
[Round "?"]
[White "Hruby, Jaromil"]
[Black "Polak, Petr"]
[Result "0-1"]
[WhiteElo "1800"]
[BlackElo "2142"]
[PlyCount "46"]
[EventDate "2004.??.??"]
[SourceDate "2005.03.08"]

1. e4 e5 2. f4 exf4 3. Nf3 g5 4. h4 g4 5. Ne5 Nf6 6. d4 d6 7. Nd3 Nxe4 8. Bxf4
Bg7 9. c3 O-O 10. Nd2 Re8 11. Nxe4 Rxe4+ 12. Be2 g3 13. Kd2 c5 14. Bg5 Qe8 15.
Bf3 h6 16. Bxe4 Qxe4 17. Re1 Qxg2+ 18. Kc1 hxg5 19. Re8+ Bf8 20. Rxc8 Qe4 21.
dxc5 dxc5 22. b3 gxh4 23. Qh1 Qxh1+ 0-1

[Event "15PCR_PF3"]
[Site "?"]
[Date "2004.??.??"]
[Round "?"]
[White "Hruby, Jaromil"]
[Black "Pytlik, Lesek"]
[Result "1/2-1/2"]
[WhiteElo "1800"]
[BlackElo "2361"]
[PlyCount "99"]
[EventDate "2004.??.??"]
[SourceDate "2005.03.08"]

1. d4 Nf6 2. c4 e6 3. Nc3 Bb4 4. e3 O-O 5. Bd3 d5 6. Nf3 c5 7. O-O dxc4 8. Bxc4
cxd4 9. exd4 b6 10. Bg5 Bb7 11. Ne5 Nc6 12. Bxf6 Qxf6 13. Nd7 Qh4 14. Nxf8 Rxf8
15. a3 Be7 16. Bd3 Nxd4 17. Be4 Bxe4 18. Qxd4 Bc6 19. Qxh4 Bxh4 20. Rfd1 Bf6
21. Rac1 Ra8 22. f3 Be8 23. g3 Kf8 24. Rd2 Rc8 25. Rcc2 a5 26. Kg2 Bd8 27. Ne4
Rxc2 28. Rxc2 Ke7 29. b4 axb4 30. axb4 Bd7 31. f4 Ba4 32. Rc3 h6 33. Kf3 f5 34.
Nd2 Kd7 35. Ke3 Be7 36. Nc4 Kc6 37. Ra3 Bb5 38. Ne5+ Kb7 39. Rb3 g5 40. Rb1 h5
41. Kd2 Be8 42. b5 h4 43. Kd3 hxg3 44. hxg3 gxf4 45. gxf4 Bd6 46. Kc4 Bh5 47.
Rb2 Bxe5 48. fxe5 Bf3 49. Rh2 Bd5+ 50. Kc3 1/2-1/2

[Event "15PCR_PF3"]
[Site "?"]
[Date "2004.??.??"]
[Round "?"]
[White "Hruby, Jaromil"]
[Black "Strnad, Jiri"]
[Result "1/2-1/2"]
[WhiteElo "1800"]
[BlackElo "2228"]
[PlyCount "60"]
[EventDate "2004.??.??"]
[SourceDate "2005.03.08"]

1. e4 c5 2. Nf3 Nc6 3. d4 cxd4 4. Nxd4 d6 5. Nc3 Nf6 6. Bc4 e6 7. Be3 Be7 8.
Qe2 a6 9. Rd1 O-O 10. O-O Qc7 11. Nxc6 bxc6 12. Bf4 e5 13. Bg3 Qa7 14. h3 Nd7
15. Na4 Nc5 16. Nxc5 Qxc5 17. Kh2 Be6 18. Bxe6 fxe6 19. Rd3 Rab8 20. b3 a5 21.
a4 Qb4 22. f3 Qb6 23. f4 exf4 24. Rxf4 e5 25. Rf2 Qa6 26. Qd2 Qa7 27. Rc3 Qa6
28. Rcf3 Rxf3 29. Rxf3 Ra8 30. Rf5 g6 1/2-1/2

[Event "15PCR_PF3"]
[Site "?"]
[Date "2004.??.??"]
[Round "?"]
[White "Hruby, Jaromil"]
[Black "Trcka, Vaclav"]
[Result "1-0"]
[WhiteElo "1800"]
[BlackElo "2218"]
[PlyCount "57"]
[EventDate "2004.??.??"]
[SourceDate "2005.03.08"]

1. e4 c5 2. Nf3 Nc6 3. d4 cxd4 4. Nxd4 Nf6 5. Nc3 e5 6. Ndb5 d6 7. Bg5 a6 8.
Na3 b5 9. Bxf6 gxf6 10. Nd5 f5 11. Bd3 Be6 12. O-O Bg7 13. c3 O-O 14. Qh5 f4
15. Nc2 f5 16. a4 bxa4 17. Rxa4 a5 18. c4 Bf7 19. Qf3 fxe4 20. Bxe4 Rb8 21. b3
h6 22. Rfa1 Kh8 23. R4a3 Rg8 24. Qd3 Be8 25. Qf3 Bf8 26. Nxf4 d5 27. cxd5 exf4
28. dxc6 Bxa3 29. Qc3+ 1-0

[Event "15PCR_PF3"]
[Site "?"]
[Date "2004.??.??"]
[Round "?"]
[White "Hruby, Jaromil"]
[Black "Trs, Jan"]
[Result "1/2-1/2"]
[WhiteElo "1800"]
[BlackElo "2145"]
[PlyCount "63"]
[EventDate "2004.??.??"]
[SourceDate "2005.03.08"]

1. e4 c5 2. Nf3 d6 3. d4 cxd4 4. Qxd4 Nc6 5. Qd3 g6 6. Be2 Bg7 7. O-O Nf6 8.
Nc3 O-O 9. Nd5 Bg4 10. Nxf6+ Bxf6 11. c3 Qb6 12. h3 Be6 13. Rd1 Rfd8 14. Qe3
Qxe3 15. Bxe3 d5 16. exd5 Bxd5 17. Rd2 Kg7 18. a3 h6 19. Rad1 e6 20. g4 Rac8
21. Nd4 Na5 22. Bf1 Bc4 23. Nb5 Bxf1 24. Kxf1 Nc4 25. Rxd8 Rxd8 26. Rxd8 Bxd8
27. Bxa7 Nxb2 28. Bd4+ f6 29. Nd6 e5 30. Be3 Be7 31. Nxb7 Bxa3 32. Ke2 1/2-1/2

[Event "15PCR_PF3"]
[Site "?"]
[Date "2004.??.??"]
[Round "?"]
[White "Juhasz, Jozef"]
[Black "Hruby, Jaromil"]
[Result "1-0"]
[WhiteElo "2188"]
[BlackElo "1800"]
[PlyCount "73"]
[EventDate "2004.??.??"]
[SourceDate "2005.03.08"]

1. e4 c5 2. Nf3 Nc6 3. d4 cxd4 4. Nxd4 Nf6 5. Nc3 e5 6. Ndb5 d6 7. Nd5 Nxd5 8.
exd5 Ne7 9. c4 Ng6 10. Qa4 Bd7 11. Qb4 Qb8 12. Bd3 Be7 13. Be3 a6 14. Nc3 O-O
15. Bxg6 hxg6 16. Bb6 Bf5 17. O-O Bd8 18. Be3 Qc7 19. Rac1 Rc8 20. b3 Re8 21.
Na4 a5 22. Qd2 Ra8 23. Rfe1 Qb8 24. Nc3 Bf6 25. f4 exf4 26. Bxf4 Qa7+ 27. Kh1
Be5 28. Bxe5 Rxe5 29. Rxe5 dxe5 30. Na4 Bd7 31. c5 Bxa4 32. bxa4 e4 33. Qe3 Re8
34. d6 Qa6 35. d7 Rd8 36. c6 bxc6 37. Qxe4 1-0

[Event "15PCR_PF3"]
[Site "?"]
[Date "2004.??.??"]
[Round "?"]
[White "Juhasz, Jozef"]
[Black "Polak, Petr"]
[Result "1-0"]
[WhiteElo "2188"]
[BlackElo "2142"]
[PlyCount "52"]
[EventDate "2004.??.??"]
[SourceDate "2005.03.08"]

1. e4 e5 2. Nf3 Nc6 3. Bc4 Bc5 4. c3 Nf6 5. d3 a6 6. O-O d6 7. d4 Ba7 8. d5 Ne7
9. Nbd2 Ng6 10. Re1 Ng4 11. Rf1 Nf4 12. Nb3 Qf6 13. h3 Nh6 14. Bxf4 Qxf4 15.
Bd3 Qf6 16. Be2 O-O 17. Qd3 Qg6 18. Nh4 Qg5 19. Nf3 Qf4 20. Rae1 a5 21. Kh1 a4
22. Nbd2 Bd7 23. g3 Qf6 24. g4 Qf4 25. Nh4 Kh8 26. Ng2 Qf6 1-0

[Event "15PCR_PF3"]
[Site "?"]
[Date "2004.??.??"]
[Round "?"]
[White "Juhasz, Jozef"]
[Black "Pytlik, Lesek"]
[Result "1/2-1/2"]
[WhiteElo "2188"]
[BlackElo "2361"]
[PlyCount "79"]
[EventDate "2004.??.??"]
[SourceDate "2005.03.08"]

1. d4 Nf6 2. Nf3 d5 3. e3 c5 4. dxc5 e6 5. Qd4 Ne4 6. b4 Be7 7. Qb2 O-O 8. Nbd2
f5 9. c4 a5 10. cxd5 exd5 11. a3 Nc6 12. b5 Bf6 13. Qb1 Ne5 14. Nxe5 Bxe5 15.
Bb2 Nxd2 16. Kxd2 Qf6 17. Bxe5 Qxe5 18. f4 Qe7 19. Qd3 Qxc5 20. Be2 Be6 21.
Rac1 Qe7 22. Bf3 Rad8 23. Ke2 d4 24. Kf2 a4 25. exd4 Bb3 26. Bd1 Qxa3 27. Bxb3+
Qxb3 28. Qxb3+ axb3 29. Rc4 Rc8 30. Rc5 Rxc5 31. dxc5 Rc8 32. Rb1 Rxc5 33. Rxb3
Kf7 34. Ke3 Ke6 35. Kd4 Rc2 36. Rg3 g6 37. h4 Rf2 38. Kc5 Rxf4 39. Kb6 Rb4 40.
Re3+ 1/2-1/2

[Event "15PCR_PF3"]
[Site "?"]
[Date "2004.??.??"]
[Round "?"]
[White "Juhasz, Jozef"]
[Black "Strnad, Jiri"]
[Result "0-1"]
[WhiteElo "2188"]
[BlackElo "2228"]
[PlyCount "83"]
[EventDate "2004.??.??"]
[SourceDate "2005.03.08"]

1. e4 c6 2. d4 d5 3. e5 c5 4. dxc5 Nc6 5. f4 e6 6. Be3 d4 7. Bf2 Bxc5 8. c3
Nge7 9. b4 Bb6 10. b5 dxc3 11. Qxd8+ Nxd8 12. Bxb6 axb6 13. Nxc3 f6 14. exf6
gxf6 15. Bc4 Nf7 16. O-O-O Rg8 17. g3 Nf5 18. Bb3 N7d6 19. Nf3 Kf7 20. Rhe1 Ra5
21. a4 h5 22. Bc2 Ra8 23. Re2 Rg7 24. Nh4 Nxh4 25. Rxd6 Nf3 26. Bb3 f5 27. Rd1
h4 28. Rf2 Nxh2 29. Rxh2 hxg3 30. Rg2 Rg4 31. Ne2 Ke7 32. Rh1 Kd6 33. Rh8 e5
34. fxe5+ Kxe5 35. Nxg3 Be6 36. Rxa8 Bxb3 37. Rf8 Rxa4 38. Re2+ Kd6 39. Nxf5+
Kc5 40. Rc8+ Kb4 41. Re4+ Ka3 42. Nd4 0-1

[Event "15PCR_PF3"]
[Site "?"]
[Date "2004.??.??"]
[Round "?"]
[White "Juhasz, Jozef"]
[Black "Trcka, Vaclav"]
[Result "1-0"]
[WhiteElo "2188"]
[BlackElo "2218"]
[PlyCount "55"]
[EventDate "2004.??.??"]
[SourceDate "2005.03.08"]

1. e4 e5 2. Nf3 Nc6 3. Bc4 Bc5 4. Nc3 Nf6 5. d3 d6 6. Na4 Bb6 7. c3 Be6 8. Bxe6
fxe6 9. O-O O-O 10. a3 Qe8 11. Qe2 h6 12. Re1 Qh5 13. b4 g5 14. Nxb6 axb6 15.
a4 Rf7 16. Qa2 Re7 17. Be3 Qg6 18. Qb3 Kg7 19. a5 g4 20. Nd2 bxa5 21. b5 Nd8
22. b6 Nc6 23. bxc7 Rxc7 24. Nc4 d5 25. Nd6 Nd8 26. exd5 exd5 27. d4 e4 28. Bf4
1-0

[Event "15PCR_PF3"]
[Site "?"]
[Date "2004.??.??"]
[Round "?"]
[White "Polak, Petr"]
[Black "Hruby, Jaromil"]
[Result "1/2-1/2"]
[WhiteElo "2142"]
[BlackElo "1800"]
[PlyCount "65"]
[EventDate "2004.??.??"]
[SourceDate "2005.03.08"]

1. e4 c5 2. Nf3 Nc6 3. d4 cxd4 4. Nxd4 Nf6 5. Nc3 e5 6. Ndb5 d6 7. Bg5 a6 8.
Na3 b5 9. Bxf6 gxf6 10. Nd5 f5 11. c3 Bg7 12. exf5 Bxf5 13. Nc2 Be6 14. Nce3
Ne7 15. g3 Nxd5 16. Nxd5 O-O 17. Bg2 a5 18. O-O f5 19. Qd2 a4 20. a3 Rc8 21.
Rad1 Kh8 22. Rfe1 f4 23. Qe2 Rc5 24. Rd3 Qg5 25. gxf4 Qh4 26. Red1 Re8 27. Qe3
Bf5 28. Rd4 Qh5 29. R4d2 Kg8 30. Qe2 Bg4 31. f3 Be6 32. Kh1 Qf7 33. Nb4 1/2-1/2

[Event "15PCR_PF3"]
[Site "?"]
[Date "2004.??.??"]
[Round "?"]
[White "Polak, Petr"]
[Black "Prchly, Milos"]
[Result "1/2-1/2"]
[WhiteElo "2142"]
[BlackElo "2279"]
[PlyCount "43"]
[EventDate "2004.??.??"]
[SourceDate "2005.03.08"]

1. e4 c5 2. Nf3 d6 3. d4 cxd4 4. Nxd4 Nf6 5. Nc3 g6 6. Be3 Bg7 7. f3 O-O 8. Qd2
Nc6 9. Bc4 Bd7 10. O-O-O Rc8 11. Bb3 Na5 12. Kb1 Nxb3 13. axb3 a6 14. h4 h5 15.
Bh6 Kh7 16. Bxg7 Kxg7 17. Rhe1 Qa5 18. Nde2 Rfe8 19. Nf4 Qc5 20. Qe3 Qxe3 21.
Rxe3 Bc6 22. b4 1/2-1/2

[Event "15PCR_PF3"]
[Site "?"]
[Date "2004.??.??"]
[Round "?"]
[White "Polak, Petr"]
[Black "Pytlik, Lesek"]
[Result "0-1"]
[WhiteElo "2142"]
[BlackElo "2361"]
[PlyCount "56"]
[EventDate "2004.??.??"]
[SourceDate "2005.03.08"]

1. e4 e6 2. d4 d5 3. exd5 exd5 4. c4 Nf6 5. Nc3 Bb4 6. Bd3 O-O 7. Nf3 dxc4 8.
Bxc4 Bg4 9. O-O Nc6 10. Bg5 h6 11. Be3 Qd7 12. a3 Bd6 13. h3 Bh5 14. d5 Ne7 15.
Bd4 Qf5 16. Re1 Bxf3 17. Qxf3 Qxf3 18. gxf3 Nh5 19. Nb5 Nf5 20. Be3 Be5 21.
Bxa7 Bxb2 22. Ra2 Bf6 23. Bc5 Rfc8 24. Bd3 Nh4 25. Be4 Nf4 26. Kf1 Be5 27. d6
cxd6 28. Bc6 Rxc6 0-1

[Event "15PCR_PF3"]
[Site "?"]
[Date "2004.??.??"]
[Round "?"]
[White "Polak, Petr"]
[Black "Strnad, Jiri"]
[Result "1/2-1/2"]
[WhiteElo "2142"]
[BlackElo "2228"]
[PlyCount "107"]
[EventDate "2004.??.??"]
[SourceDate "2005.03.08"]

1. e4 c5 2. Nf3 Nc6 3. d4 cxd4 4. Nxd4 d6 5. Nc3 Nf6 6. Bc4 e6 7. Bb3 Be7 8.
Be3 O-O 9. Qe2 a6 10. O-O-O Qc7 11. g4 Nxd4 12. Rxd4 Nd7 13. g5 b5 14. Rg1 Re8
15. h4 Nc5 16. Kb1 Bd7 17. h5 Nxb3 18. axb3 Rac8 19. Rd2 b4 20. Na4 Bxa4 21.
bxa4 Qc6 22. g6 fxg6 23. hxg6 h6 24. Qf3 Rf8 25. Qg4 Rf6 26. Bd4 e5 27. Be3
Rcf8 28. a5 Qa4 29. Rg3 Qc6 30. f3 b3 31. cxb3 Qb5 32. Rc2 Qxa5 33. Bd2 Qb5 34.
Qh3 Rd8 35. Bg5 Qe8 36. Bxh6 Qd7 37. Qxd7 Rxd7 38. Bd2 d5 39. Rc8+ Rf8 40.
Rxf8+ Kxf8 41. Kc2 dxe4 42. fxe4 Ke8 43. Bc3 Bd6 44. b4 Rc7 45. Kd3 Ke7 46. Rf3
Ke6 47. Rf1 Rd7 48. Kc4 Rc7+ 49. Kb3 Rb7 50. Ka4 Rc7 51. Rf7 Rc4 52. Rxg7 Rxe4
53. Kb3 Rg4 54. Rg8 1/2-1/2

[Event "15PCR_PF3"]
[Site "?"]
[Date "2004.??.??"]
[Round "?"]
[White "Prchly, Milos"]
[Black "Polak, Petr"]
[Result "1/2-1/2"]
[WhiteElo "2279"]
[BlackElo "2142"]
[PlyCount "42"]
[EventDate "2004.??.??"]
[SourceDate "2005.03.08"]

1. d4 Nf6 2. c4 e6 3. Nc3 d5 4. Bg5 Be7 5. e3 O-O 6. Nf3 h6 7. Bh4 b6 8. Bd3
dxc4 9. Bxc4 Bb7 10. O-O Nbd7 11. Rc1 c5 12. dxc5 Nxc5 13. Qe2 a6 14. Rfd1 Qe8
15. a3 Nfe4 16. Nxe4 Nxe4 17. Bxe7 Qxe7 18. Ne5 Rfd8 19. f3 Nc5 20. b4 Nd7 21.
Nxd7 Rxd7 1/2-1/2

[Event "15PCR_PF3"]
[Site "?"]
[Date "2004.??.??"]
[Round "?"]
[White "Prchly, Milos"]
[Black "Pytlik, Lesek"]
[Result "0-1"]
[WhiteElo "2279"]
[BlackElo "2361"]
[PlyCount "78"]
[EventDate "2004.??.??"]
[SourceDate "2005.03.08"]

1. d4 Nf6 2. c4 g6 3. Nc3 Bg7 4. e4 d6 5. Be2 O-O 6. Bg5 c5 7. d5 h6 8. Bf4 Qb6
9. Qd2 Kh7 10. Nf3 e5 11. dxe6 Bxe6 12. O-O Nc6 13. Rad1 Rad8 14. Qc1 Rfe8 15.
Bxd6 Bg4 16. Qe3 Bxf3 17. Bxc5 Qxb2 18. Bxf3 Nd7 19. Nd5 Qxa2 20. Nc7 Rg8 21.
Bd6 Nb6 22. c5 Nc4 23. Qc1 N6e5 24. Qf4 a5 25. Rd5 Qb2 26. Rfd1 Nxf3+ 27. Qxf3
a4 28. Qd3 Qb3 29. Rc1 Qxd3 30. Rxd3 Nxd6 31. cxd6 a3 32. Rxa3 Bb2 33. Rd1 Bxa3
34. e5 g5 35. g3 Bb2 36. Re1 Rg6 37. Kg2 Bxe5 38. Rxe5 Rgxd6 39. h3 R8d7 0-1

[Event "15PCR_PF3"]
[Site "?"]
[Date "2004.??.??"]
[Round "?"]
[White "Prchly, Milos"]
[Black "Trcka, Vaclav"]
[Result "1-0"]
[WhiteElo "2279"]
[BlackElo "2218"]
[PlyCount "49"]
[EventDate "2004.??.??"]
[SourceDate "2005.03.08"]

1. d4 Nf6 2. c4 e6 3. Nc3 d5 4. Bg5 Be7 5. e3 O-O 6. Nf3 h6 7. Bh4 Nbd7 8. Qc2
c5 9. O-O-O cxd4 10. Rxd4 Bc5 11. Rd1 dxc4 12. Bxc4 Qa5 13. Kb1 Be7 14. Be2 Re8
15. Rhg1 Nf8 16. Nb5 Nd5 17. Bxe7 Rxe7 18. Qd2 Qb6 19. Qd4 Bd7 20. Qxb6 Nxb6
21. Nd6 Bc6 22. Ne5 Bd5 23. Bf3 Bxf3 24. Nxf3 Rd8 25. Rd4 1-0

[Event "15PCR_PF3"]
[Site "?"]
[Date "2004.??.??"]
[Round "?"]
[White "Pytlik, Lesek"]
[Black "Hruby, Jaromil"]
[Result "1/2-1/2"]
[WhiteElo "2361"]
[BlackElo "1800"]
[PlyCount "85"]
[EventDate "2004.??.??"]
[SourceDate "2005.03.08"]

1. e4 c5 2. Nf3 Nc6 3. Bb5 a6 4. Bxc6 dxc6 5. d3 g6 6. O-O Bg7 7. Qe2 Nf6 8. a4
Bg4 9. h3 Bxf3 10. Qxf3 Qd4 11. c3 Qd6 12. Na3 Nd7 13. Nc4 Qe6 14. Bf4 a5 15.
Qe3 O-O 16. Bh6 Bxh6 17. Qxh6 Rfd8 18. Qe3 Ne5 19. Nxe5 Qxe5 20. f4 Qd6 21. Rf3
c4 22. d4 e6 23. Qe2 b5 24. f5 exf5 25. exf5 Re8 26. Qf2 Re4 27. fxg6 fxg6 28.
axb5 cxb5 29. Rf1 Rae8 30. Rf7 Re1 31. Rb7 Qd5 32. Rxe1 Rxe1+ 33. Qxe1 Qxb7 34.
Qe8+ Kg7 35. Qe5+ Kf7 36. Qh8 Ke6 37. Qd8 a4 38. Qe8+ Kf6 39. Kf2 Qd5 40. g4
Qd6 41. Kf3 Qh2 42. Qf8+ Ke6 43. Qe8+ 1/2-1/2

[Event "15PCR_PF3"]
[Site "?"]
[Date "2004.??.??"]
[Round "?"]
[White "Pytlik, Lesek"]
[Black "Juhasz, Jozef"]
[Result "1/2-1/2"]
[WhiteElo "2361"]
[BlackElo "2188"]
[PlyCount "96"]
[EventDate "2004.??.??"]
[SourceDate "2005.03.08"]

1. e4 e5 2. Nf3 Nc6 3. Bc4 Bc5 4. c3 Nf6 5. d3 O-O 6. Nbd2 d5 7. exd5 Nxd5 8.
O-O a6 9. Re1 Nf6 10. Qe2 Bg4 11. h3 Bh5 12. a4 Qd7 13. Ne4 Nxe4 14. dxe4 Bd6
15. Rd1 Kh8 16. g4 Bg6 17. Nh4 Qe7 18. Nf5 Bxf5 19. gxf5 a5 20. Rd3 Nb8 21. Qg4
Nd7 22. Bg5 Nf6 23. Qh4 Rad8 24. Rad1 Bc5 25. Rxd8 Rxd8 26. Rxd8+ Qxd8 27. Bxf7
Qd1+ 28. Kg2 Be7 29. b3 Qc2 30. Bc4 c6 31. Bxf6 Bxf6 32. Qg4 b5 33. Qh5 Qxe4+
34. f3 Qc2+ 35. Kg3 g6 36. fxg6 Qxg6+ 37. Qxg6 hxg6 38. axb5 cxb5 39. Bxb5 Kg7
40. Ba6 Bg5 41. h4 Be3 42. Bb7 Bd2 43. c4 Be3 44. Be4 Kf6 45. Kh3 Bc5 46. Kg4
Be3 47. h5 gxh5+ 48. Kxh5 Bc5 1/2-1/2

[Event "15PCR_PF3"]
[Site "?"]
[Date "2004.??.??"]
[Round "?"]
[White "Pytlik, Lesek"]
[Black "Prchly, Milos"]
[Result "1/2-1/2"]
[WhiteElo "2361"]
[BlackElo "2279"]
[PlyCount "91"]
[EventDate "2004.??.??"]
[SourceDate "2005.03.08"]

1. e4 c5 2. Nf3 d6 3. d4 cxd4 4. Nxd4 Nf6 5. Nc3 g6 6. Be3 Bg7 7. f3 O-O 8. Qd2
Nc6 9. O-O-O d5 10. Qe1 e5 11. Nxc6 bxc6 12. exd5 cxd5 13. Bg5 Be6 14. Bc4 Qc7
15. Bxf6 dxc4 16. Bxg7 Kxg7 17. h4 Rab8 18. h5 Qb6 19. Na4 Qb5 20. Qe3 Bf5 21.
Qa3 Qb4 22. Qxb4 Rxb4 23. Nc5 Rc8 24. Rd5 c3 25. b3 Rd4 26. h6+ Kf6 27. Rd1
Rxd5 28. Rxd5 Kg5 29. g4 Be6 30. Nxe6+ fxe6 31. Rxe5+ Kxh6 32. b4 Rf8 33. Re3
Rc8 34. Rxe6 Kg5 35. Re7 Kf4 36. Rxh7 Re8 37. Kd1 Kg3 38. a3 g5 39. Rc7 Re3 40.
Rc4 Kxf3 41. Rc7 Kf2 42. Rf7+ Rf3 43. Rxa7 Rf4 44. b5 Rxg4 45. Rf7+ Ke3 46.
Re7+ 1/2-1/2

[Event "15PCR_PF3"]
[Site "?"]
[Date "2004.??.??"]
[Round "?"]
[White "Pytlik, Lesek"]
[Black "Strnad, Jiri"]
[Result "1/2-1/2"]
[WhiteElo "2361"]
[BlackElo "2228"]
[PlyCount "94"]
[EventDate "2004.??.??"]
[SourceDate "2005.03.08"]

1. e4 c5 2. Nf3 Nc6 3. Bb5 d6 4. O-O Bd7 5. Re1 Nf6 6. c3 a6 7. Bf1 Bg4 8. d3
e6 9. h3 Bh5 10. Nbd2 d5 11. Qb3 dxe4 12. Nxe4 Bxf3 13. gxf3 b5 14. f4 Nxe4 15.
dxe4 c4 16. Qd1 Qb6 17. Qf3 Bc5 18. Rd1 O-O 19. b4 cxb3 20. axb3 a5 21. Be3 b4
22. Rdc1 Rac8 23. Bxc5 Qxc5 24. cxb4 Qxb4 25. Ra4 Qb6 26. Qe3 Qb7 27. Rc5 Rfd8
28. Be2 h6 29. Kh2 Rf8 30. e5 Ne7 31. Bf3 Qd7 32. Raxa5 Nf5 33. Qc3 Nd4 34.
Rxc8 Nxf3+ 35. Qxf3 Qxc8 36. Ra7 g6 37. Kg2 Kg7 38. Qe4 Qc3 39. Qc4 Qd2 40. b4
Rd8 41. Qxe6 Qxf4 42. Qb3 Re8 43. e6 Qg5+ 44. Kh1 Qc1+ 45. Kh2 Qf4+ 46. Qg3
Qxg3+ 47. Kxg3 Rxe6 1/2-1/2

[Event "15PCR_PF3"]
[Site "?"]
[Date "2004.??.??"]
[Round "?"]
[White "Pytlik, Lesek"]
[Black "Trcka, Vaclav"]
[Result "1/2-1/2"]
[WhiteElo "2361"]
[BlackElo "2218"]
[PlyCount "40"]
[EventDate "2004.??.??"]
[SourceDate "2005.03.08"]

1. e4 e5 2. Nf3 Nc6 3. Bc4 Bc5 4. c3 Nf6 5. d3 d6 6. O-O O-O 7. b4 Bb6 8. a4 a5
9. b5 Ne7 10. Bg5 Ng6 11. Nbd2 h6 12. Be3 c6 13. d4 d5 14. Bd3 Re8 15. bxc6
bxc6 16. Qc2 Bg4 17. dxe5 Bxe3 18. exf6 Bxd2 19. Nxd2 Qxf6 20. f3 Be6 1/2-1/2

[Event "15PCR_PF3"]
[Site "?"]
[Date "2004.??.??"]
[Round "?"]
[White "Pytlik, Lesek"]
[Black "Trs, Jan"]
[Result "1-0"]
[WhiteElo "2361"]
[BlackElo "2145"]
[PlyCount "119"]
[EventDate "2004.??.??"]
[SourceDate "2005.03.08"]

1. e4 c6 2. Nf3 d5 3. Nc3 Bg4 4. h3 Bxf3 5. Qxf3 Nf6 6. d3 e6 7. Bd2 Nbd7 8. g4
h6 9. O-O-O Qc7 10. h4 O-O-O 11. Bh3 Bc5 12. g5 Ne5 13. Qg2 hxg5 14. hxg5 Nfd7
15. f4 Ng6 16. f5 Nh4 17. Qf1 exf5 18. Bxf5 Nxf5 19. Qxf5 d4 20. Ne2 Rhf8 21.
Rh7 g6 22. Qh3 Qe5 23. Kb1 Rh8 24. Rh6 Rhf8 25. Bf4 Qe7 26. Qh2 Rg8 27. Rg1
Rde8 28. Nc1 f6 29. Nb3 fxg5 30. Rxg5 Bd6 31. Rhxg6 Rxg6 32. Rxg6 Bxf4 33. Qxf4
Ne5 34. Qf5+ Kb8 35. Rf6 c5 36. a3 b6 37. Nd2 Qd7 38. Qxd7 Nxd7 39. Rh6 Kc7 40.
Rh7 Kc6 41. b4 Rf8 42. b5+ Kd6 43. Nc4+ Ke6 44. Kb2 Rf7 45. Rxf7 Kxf7 46. Nd6+
Ke6 47. Nc8 c4 48. dxc4 Ke5 49. Nxa7 Kxe4 50. a4 d3 51. cxd3+ Kxd3 52. Kb3 Kd4
53. Kb4 Nc5 54. Nc6+ Ke4 55. a5 Nd3+ 56. Ka3 bxa5 57. b6 Nc5 58. Nxa5 Ke5 59.
Kb4 Kd6 60. Kb5 1-0

[Event "15PCR_PF3"]
[Site "?"]
[Date "2004.??.??"]
[Round "?"]
[White "Strnad, Jiri"]
[Black "Hruby, Jaromil"]
[Result "1/2-1/2"]
[WhiteElo "2228"]
[BlackElo "1800"]
[PlyCount "69"]
[EventDate "2004.??.??"]
[SourceDate "2005.03.08"]

1. e4 c5 2. Nf3 Nc6 3. Bb5 a6 4. Bxc6 dxc6 5. d3 g6 6. Bd2 Bg7 7. Bc3 f6 8. O-O
e5 9. a4 Nh6 10. a5 Nf7 11. Nfd2 Qe7 12. Nc4 Be6 13. Nba3 O-O-O 14. Qe1 Nd6 15.
Nb6+ Kb8 16. b4 Nb5 17. bxc5 Nxc3 18. Qxc3 f5 19. Rae1 Rd4 20. f3 h5 21. Kh1 h4
22. Nb1 h3 23. g3 fxe4 24. fxe4 Rf8 25. Nd2 Rxf1+ 26. Rxf1 Rd8 27. Kg1 Re8 28.
Nb3 Rf8 29. Rxf8+ Qxf8 30. Qe1 Bh6 31. Qe2 Ka7 32. Nc4 Bxc4 33. dxc4 Bg5 34.
Qf2 Qg8 35. Qe2 1/2-1/2

[Event "15PCR_PF3"]
[Site "?"]
[Date "2004.??.??"]
[Round "?"]
[White "Strnad, Jiri"]
[Black "Juhasz, Jozef"]
[Result "1-0"]
[WhiteElo "2228"]
[BlackElo "2188"]
[PlyCount "97"]
[EventDate "2004.??.??"]
[SourceDate "2005.03.08"]

1. d4 Nf6 2. Nf3 d5 3. c4 e6 4. Nc3 c6 5. e3 Nbd7 6. Bd3 dxc4 7. Bxc4 Bd6 8. e4
e5 9. dxe5 Nxe5 10. Nxe5 Bxe5 11. Qxd8+ Kxd8 12. Bxf7 Bxc3+ 13. bxc3 Nxe4 14.
O-O Nxc3 15. Re1 Bd7 16. Bg5+ Kc8 17. Re7 a5 18. Rc1 h6 19. Bd2 Nb5 20. Rd1 b6
21. Be3 Bf5 22. a4 Ra7 23. Rxa7 Nxa7 24. Bxb6 Rf8 25. Bc4 Kb7 26. Bxa5 Ra8 27.
Bb4 h5 28. f3 Nc8 29. a5 Nb6 30. a6+ Kb8 31. Bf1 Nd5 32. Bd6+ Kc8 33. Re1 Kd7
34. Bc5 h4 35. Bf2 Rh8 36. Ra1 g5 37. a7 Ra8 38. Ra2 Kc7 39. Rb2 Nf6 40. Bb6+
Kd6 41. Be3 Nd7 42. Ra2 Be6 43. Ra5 Kc7 44. Bxg5 Kb7 45. Bxh4 Rxa7 46. Rxa7+
Kxa7 47. Bf2+ Kb7 48. h4 Kc7 49. g4 1-0

[Event "15PCR_PF3"]
[Site "?"]
[Date "2004.??.??"]
[Round "?"]
[White "Strnad, Jiri"]
[Black "Polak, Petr"]
[Result "1/2-1/2"]
[WhiteElo "2228"]
[BlackElo "2142"]
[PlyCount "66"]
[EventDate "2004.??.??"]
[SourceDate "2005.03.08"]

1. d4 Nf6 2. Nf3 e6 3. c4 d5 4. Nc3 c6 5. e3 Nbd7 6. Bd3 dxc4 7. Bxc4 b5 8. Bd3
Bb7 9. e4 b4 10. Na4 Qa5 11. e5 Nd5 12. O-O Ba6 13. Bxa6 Qxa6 14. Bg5 Rc8 15.
Rc1 h6 16. Bh4 c5 17. b3 g5 18. Bg3 g4 19. Nd2 h5 20. Bh4 cxd4 21. Qe2 Qb7 22.
Ne4 Rxc1 23. Rxc1 f5 24. exf6 Nf4 25. Qc2 Kf7 26. f3 gxf3 27. Ng5+ Kg8 28. Nxf3
Qd5 29. Kh1 d3 30. Qd2 Ng6 31. Bg5 h4 32. Nb2 Rh5 33. Nxd3 h3 1/2-1/2

[Event "15PCR_PF3"]
[Site "?"]
[Date "2004.??.??"]
[Round "?"]
[White "Strnad, Jiri"]
[Black "Prchly, Milos"]
[Result "1/2-1/2"]
[WhiteElo "2228"]
[BlackElo "2279"]
[PlyCount "121"]
[EventDate "2004.??.??"]
[SourceDate "2005.03.08"]

1. e4 c5 2. Nf3 d6 3. d4 cxd4 4. Nxd4 Nf6 5. Nc3 g6 6. Be3 Bg7 7. f3 O-O 8. Qd2
Nc6 9. Bc4 Bd7 10. h4 Rc8 11. Nxc6 Bxc6 12. Bb3 a5 13. a4 h5 14. O-O-O Qe8 15.
Bh6 Kh7 16. Bxg7 Kxg7 17. g4 Rh8 18. Kb1 hxg4 19. fxg4 Nxg4 20. h5 Qd7 21. Nd5
Bxd5 22. Qxd5 Qe6 23. Qg5 Qxe4 24. Rhe1 Qf5 25. Qxf5 gxf5 26. Rxe7 Rcf8 27.
Rxb7 Rxh5 28. Rxd6 Ne3 29. Rb5 Ra8 30. Rd7 Kf6 31. Rxf7+ Kg5 32. Re7 Kf4 33.
Ree5 Rh6 34. c3 Rf6 35. Rxa5 Rxa5 36. Rxa5 Ke4 37. Bg8 Rf8 38. Bh7 Rf7 39. Bg6
Rf6 40. Be8 f4 41. Bb5 f3 42. Ra8 f2 43. Re8+ Kf4 44. Be2 Nf5 45. Kc2 Nd6 46.
Rh8 Nf5 47. b4 Re6 48. Bd3 Re3 49. Bb5 Re5 50. Bd3 Re3 51. Rh2 Rf3 52. Rh1 Ne3+
53. Kd2 f1=Q 54. Bxf1 Nxf1+ 55. Kc2 Ke3 56. a5 Rf2+ 57. Kb3 Nd2+ 58. Ka4 Kd3
59. a6 Ne4 60. Rh3+ Kc4 61. Ka5 1/2-1/2